[Event "19th Heart of Finland Open"]
[Site "Jyvaskyla FIN"]
[Date "2009.07.10"]
[Round "6"]
[White "Alho,S"]
[Black "Immonen,V"]
[Result "1/2-1/2"]
[WhiteElo "2181"]
[BlackElo "1872"]

1.e4 c5 2.Nf3 d6 3.Bb5+ Bd7 4.Bxd7+ Qxd7 5.c4 Nc6 6.O-O g6 7.d4 cxd4 8.Nxd4 Bg7
9.Be3 Nf6 10.f3 O-O 11.Nc3 a6 12.a4 e6 13.Nde2 Qc7 14.Rc1 Nd7 15.f4 Rac8
16.b3 Rfe8 17.Qd2 Nc5 18.Rb1 Na5 19.Bxc5 dxc5 20.e5 Rcd8 21.Qe3 b6 22.Ne4 Re7
23.Qh3 Red7 24.N2c3 Rd3 25.Rf3 Rxf3 26.Qxf3 Nc6 27.Nd6 Nd4 28.Qd3 f5 29.exf6 Qxd6
30.fxg7 Qxf4 31.Rf1 Qe5 32.Ne4 Kxg7 33.h4 Rf8 34.Rxf8 Kxf8 35.g3 Qf5 36.Kg2 Kg7
37.b4 Qe5 38.bxc5 bxc5 39.Ng5 Qf5 40.Ne4 Qe5 41.Qb1 Qc7 42.a5 Qc6 43.Kh2 Nf3+
44.Kh3 e5 45.Nxc5 Qxc5 46.Qb7+ Kg8 47.Qxf3 Qxc4 48.Qa8+ Kg7 49.Qa7+ Kg8 50.Qb8+ Kf7
51.Qxe5  1/2-1/2

[Event "XXXII Open"]
[Site "Barbera ESP"]
[Date "2009.07.11"]
[Round "8"]
[White "Dominguez Pons,E"]
[Black "Matnadze,A"]
[Result "1/2-1/2"]
[WhiteElo "2211"]
[BlackElo "2413"]

1.e4 c5 2.Nf3 d6 3.Bb5+ Nc6 4.O-O Bd7 5.c3 Nf6 6.Re1 a6 7.Bf1 Bg4 8.h3 Bxf3
9.Qxf3 e5 10.d3 Be7 11.Na3 O-O 12.g4 Ne8 13.Nc4 Bg5 14.Bxg5 Qxg5 15.Nb6 Rd8
16.Qe3 Qh4 17.Bg2 h5 18.Qg3 Qxg3 19.fxg3 hxg4 20.hxg4 Nc7 21.Kf2 g6 22.Ke3 Kg7
23.Rh1 Rh8 24.Rxh8 Rxh8 25.Rh1 Rd8 26.Bf3 Ne7 27.Bg2 Nc8 28.Nxc8 Rxc8 29.Bf3 b5
30.g5 Rd8 31.Bg4  1/2-1/2

[Event "Canadian Open"]
[Site "Edmonton CAN"]
[Date "2009.07.11"]
[Round "1"]
[White "Purewal,S"]
[Black "Van Heirzeele,D"]
[Result "1/2-1/2"]
[WhiteElo "2055"]
[BlackElo "2137"]

1.e4 c5 2.Nf3 d6 3.Bb5+ Nd7 4.O-O Nf6 5.e5 dxe5 6.Nxe5 e6 7.d3 Be7 8.Bg5 O-O
9.Nxd7 Nxd7 10.Bxe7 Qxe7 11.Bxd7 Bxd7 12.Nc3 Bc6 13.f3 Rad8 14.Qe2 Rd4 15.Ne4 Rfd8
16.Rad1 h6 17.b3 b5 18.c3 R4d5 19.c4 Rd4 20.Nf2 a5 21.Rfe1 b4 22.Qe5 Bb7  1/2-1/2

[Event "19th Heart of Finland Open"]
[Site "Jyvaskyla FIN"]
[Date "2009.07.11"]
[Round "8"]
[White "Wallin,A"]
[Black "Luukkonen,T"]
[Result "1-0"]
[WhiteElo "1989"]
[BlackElo "2306"]

1.e4 c5 2.Nf3 d6 3.Bb5+ Nd7 4.c3 Nf6 5.Qe2 a6 6.Ba4 Qc7 7.O-O c4 8.Bc2 e6
9.b3 cxb3 10.axb3 b5 11.d4 Bb7 12.Bb2 Be7 13.Nbd2 O-O 14.Rfd1 b4 15.c4 e5
16.dxe5 dxe5 17.Nf1 Bc5 18.Ne3 Nxe4 19.Nd5 Bxd5 20.Bxe4 Bxe4 21.Qxe4 Nf6
22.Qxe5 Bxf2+ 23.Kf1 Qb7 24.Qg5 h6 25.Qf5 Qe4 26.Qxe4 Nxe4 27.Rd5 Bb6 28.Bd4 Bxd4
29.Nxd4 Rfe8 30.Nc6 Re6 31.Nxb4 Rb8 32.Nd3 Rxb3 33.c5 Rc3 34.Ra2 Rf6+ 35.Ke2 Rc4
36.Rd8+ Kh7 37.Ra5 Re6 38.Nf4 Nc3+ 39.Kd3 Ree4 40.g3 f5 41.Rxa6 Na4 42.Raa8 Nxc5+
43.Kd2 Nb3+ 44.Kd3 Nc5+ 45.Kd2 Rcd4+ 46.Rxd4 Nb3+ 47.Kd3 Nxd4 48.Ra5 g5 49.Ra7+ Kg8
50.Nd5 Kf8 51.Nf6 Re6 52.Nd7+ Ke7 53.Kxd4 Re2 54.Ne5+ Kf6 55.Ra6+ Kg7 56.Nf3 f4
57.gxf4 gxf4 58.Rb6 Re3 59.Ne5 h5 60.Rg6+ Kh7 61.Rg2  1-0

[Event "32nd Aegean Open"]
[Site "Aghios Kirykos GRE"]
[Date "2009.07.12"]
[Round "2"]
[White "Levushkina,E"]
[Black "Tukmakov,V"]
[Result "0-1"]
[WhiteElo "2239"]
[BlackElo "2549"]

1.e4 c5 2.Nf3 d6 3.Bb5+ Nc6 4.O-O Bd7 5.c3 Nf6 6.Re1 a6 7.Bxc6 Bxc6 8.d4 Bxe4
9.Bg5 Bd5 10.Nbd2 e6 11.c4 Bxf3 12.Qxf3 cxd4 13.Bxf6 gxf6 14.Qxb7 Bh6 15.Qc6+ Kf8
16.Nf3 e5 17.Nh4 Rc8 18.Qxa6 Qd7 19.Qa3 Rxc4 20.Qf3 Bg5 21.Nf5 h5 22.h4 Bf4
23.Qd3 d5 24.g3 Bd2 25.Qxd2 Qxf5 26.Rac1 Kg7 27.b3 Rxc1 28.Rxc1 d3 29.a4 e4
30.Qc3 Rc8 31.Qd2 Rxc1+ 32.Qxc1 Qf3  0-1

[Event "ch-PUR"]
[Site "Caguas PUR"]
[Date "2009.07.12"]
[Round "2"]
[White "Guzman,C"]
[Black "Vazquez Reyes,R"]
[Result "1-0"]
[WhiteElo "2084"]
[BlackElo "2147"]

1.e4 c5 2.Nf3 d6 3.Bb5+ Bd7 4.Bxd7+ Nxd7 5.O-O Ngf6 6.Re1 e6 7.c3 Be7 8.d4 cxd4
9.cxd4 d5 10.e5 Ne4 11.Nfd2 Nxd2 12.Nxd2 O-O 13.Qg4 Qb6 14.Nf3 Rfc8 15.Bh6 Bf8
16.h4 Qxb2 17.h5 Qc2 18.Nh4 Kh8 19.Rac1 Qxa2 20.Rxc8 Rxc8 21.Re3 Qa1+ 22.Kh2 Rc3
23.Qf3 Rxe3 24.fxe3 Qa3 25.Qxf7 Qe7 26.Bxg7+  1-0

[Event "12th Open"]
[Site "Malaga ESP"]
[Date "2009.07.12"]
[Round "2"]
[White "Charleshouse,G"]
[Black "Guerra Bastida,D"]
[Result "1-0"]
[WhiteElo "2175"]
[BlackElo "2419"]

1.e4 c5 2.Nf3 d6 3.Bb5+ Bd7 4.Bxd7+ Qxd7 5.c4 Nc6 6.d4 cxd4 7.Nxd4 Nf6 8.Nc3 g6
9.Nde2 Bg7 10.O-O O-O 11.f3 Rac8 12.b3 Qd8 13.Be3 Nd7 14.Qd2 Nc5 15.Rfd1  1-0

[Event "12th Open"]
[Site "Malaga ESP"]
[Date "2009.07.12"]
[Round "3"]
[White "Mogranzini,R"]
[Black "Suba,M"]
[Result "1/2-1/2"]
[WhiteElo "2415"]
[BlackElo "2540"]

1.e4 c5 2.Nf3 d6 3.Bb5+ Nd7 4.d4 Nf6 5.O-O cxd4 6.Qxd4 g6 7.e5 dxe5 8.Qxe5 Bg7
9.Re1 e6 10.Qd6 a6 11.Bf1 Qb6 12.Qxb6 Nxb6 13.c4 Na4 14.Nbd2 O-O 15.Ne5 b6
16.b3 Nc5 17.Ba3 Bb7 18.Ndf3 Bxf3 19.Nxf3 Rfd8 20.Rad1 a5 21.Ne5 Nfe4 22.Bb2 Rac8
23.g3 Nd2 24.Bg2 Nd3 25.Nxd3 Rxd3 26.Bxg7 Kxg7 27.Re3 Rd4 28.Rc1 Rc5 29.Rec3 g5
30.h3 f5 31.R3c2 Kf6 32.Rc3 h5 33.f3 f4 34.gxf4 gxf4 35.h4 a4 36.Kf2 axb3
37.axb3 b5 38.cxb5 Rxb5 39.Rc5 Rxb3 40.Rxh5 Rb2 41.Kg1 Rd3 42.Rh6+ Ke7 43.Ra1 Nxf3+
44.Bxf3 Rxf3 45.Ra7+ Kd6 46.Ra6+ Ke5 47.Ra5+ Kd4 48.Ra4+ Kc5 49.Rxe6 Rg3+
50.Kf1 Rh3 51.Ra5+ Kd4 52.Rd6+ Ke4 53.Re6+ Kd4 54.Rd6+ Kc4 55.Rc6+ Kb4 56.Rb6+ Kxa5
57.Rxb2 f3 58.Rb8 Rxh4  1/2-1/2

[Event "6th South Wales Int"]
[Site "Treforest WLS"]
[Date "2009.07.12"]
[Round "3"]
[White "Jain,Ak2"]
[Black "Price,H"]
[Result "1-0"]
[WhiteElo "2012"]
[BlackElo "1757"]

1.e4 c5 2.Nf3 d6 3.Bb5+ Bd7 4.Bxd7+ Qxd7 5.c4 g6 6.d4 cxd4 7.Nxd4 Bg7 8.Nc3 Nc6
9.Be3 Nf6 10.f3 a6 11.a4 O-O 12.O-O Rac8 13.b3 Ne8 14.Qd2 Nc7 15.Rfd1 Ne6
16.Nde2 Na5 17.Rab1 Nc6 18.Nd5 Rcd8 19.Kh1 Ne5 20.h3 Kh8 21.Bh6 Nc7 22.Bxg7+ Kxg7
23.Nb6 Qe6 24.Qc3 Kg8 25.b4 Na8 26.Nd4 Qf6 27.Nd5 Qh4 28.f4 Nd7 29.Nf3  1-0

[Event "ch-SCO"]
[Site "Edinburgh SCO"]
[Date "2009.07.13"]
[Round "3"]
[White "Green,An"]
[Black "Hilton,S"]
[Result "1-0"]
[WhiteElo "2203"]
[BlackElo "1908"]

1.e4 c5 2.Nf3 d6 3.Bb5+ Bd7 4.Bxd7+ Qxd7 5.O-O Nc6 6.c3 Nf6 7.Qe2 g6 8.d4 cxd4
9.cxd4 Bg7 10.Nc3 O-O 11.Rd1 d5 12.Ne5 Qe6 13.Nxc6 Qxc6 14.f3 Rad8 15.Bg5 dxe4
16.fxe4 h6 17.Bh4 Rfe8 18.Rac1 Qd7 19.Qf3 g5 20.Bg3 Qg4 21.Be5 Qxf3 22.gxf3 Rd7
23.Kf2 Red8 24.Ke3 Kh7 25.Rg1 h5 26.Ne2 Bh6 27.Rc5 Rg8 28.Ng3 g4+ 29.f4 h4
30.Nf5 g3 31.Bxf6 exf6 32.hxg3 Bf8 33.Rh1  1-0

[Event "Richard Riordan GM Rapid"]
[Site "Natanya ISR"]
[Date "2009.07.13"]
[Round "8"]
[White "Najer,E"]
[Black "Nepomniachtchi,I"]
[Result "1/2-1/2"]
[WhiteElo "2663"]
[BlackElo "2632"]

1.e4 c5 2.Nf3 d6 3.Bb5+ Nd7 4.O-O Nf6 5.Re1 a6 6.Bf1 b6 7.c3 Bb7 8.d3 g6
9.Nbd2 Bg7 10.d4 cxd4 11.cxd4 O-O 12.b3 e5 13.Bb2 exd4 14.Bxd4 Re8 15.Qc2 Rc8
16.Qb2 Ne5 17.Rad1 Nfd7 18.Nxe5 dxe5 19.Be3 b5 20.a4 Bc6 21.axb5 axb5 22.Nb1 Qc7
23.Nc3 Qb7 24.Nd5 Nf6 25.Nxf6+ Bxf6 26.f3 Bd8 27.b4 Bb6 28.Bxb6 Qxb6+ 29.Qf2 Qxf2+
30.Kxf2 Re6 31.Rc1 Ra8 32.Ra1 Ree8 33.Rxa8 Rxa8 34.Rc1 Bd7 35.Rc5 Ra2+ 36.Kg3 Rb2
37.Bxb5 Bxb5 38.Rxb5 Kg7 39.h4 h5 40.Rb8 Kf6 41.b5 Kg7 42.b6 Kf6 43.Kh2 Rb1
44.Kg3 Rb2 45.Kh2 Rb1 46.g3 Rb2+ 47.Kg1 Kg7 48.g4 Rb4 49.b7 Rb2 50.Kf1 g5
51.hxg5 h4 52.Kg1 h3 53.Kh1 Kh7 54.Re8 Rxb7 55.Rxe5 Rb2 56.Rf5 Kg6 57.Kg1 Rg2+
58.Kh1 Rb2 59.f4 Rg2 60.Rf6+ Kg7 61.e5 Rxg4 62.Kh2 Rh4 63.f5 Rh5 64.g6 fxg6
65.Rxg6+ Kh7 66.Rf6 Kg7 67.Rg6+ Kf8 68.Rf6+ Ke7 69.Re6+ Kf7 70.Rf6+  1/2-1/2

[Event "FSGM July"]
[Site "Budapest HUN"]
[Date "2009.07.14"]
[Round "11"]
[White "Antal,Ge"]
[Black "Flumbort,A"]
[Result "1/2-1/2"]
[WhiteElo "2479"]
[BlackElo "2507"]

1.e4 c5 2.Nf3 d6 3.Bb5+ Nd7 4.d4 Nf6 5.Nc3 cxd4 6.Qxd4 e5 7.Qd3 h6 8.Nd2 Be7
9.Nc4 O-O 10.Bxd7 Bxd7 11.Ne3 Be6 12.O-O  1/2-1/2

[Event "KUTXA"]
[Site "Donostia ESP"]
[Date "2009.07.14"]
[Round "7"]
[White "Fernandez Garcia,JoseL1"]
[Black "Ubilava,E"]
[Result "0-1"]
[WhiteElo "2465"]
[BlackElo "2547"]

1.e4 c5 2.Nf3 d6 3.Bb5+ Nd7 4.d4 Nf6 5.Nc3 cxd4 6.Qxd4 e5 7.Qd3 h6 8.Nd2 Be7
9.Nc4 O-O 10.Bxd7 Bxd7 11.Ne3 Be6 12.O-O Rc8 13.b3 Qd7 14.Bb2 Bd8 15.Ncd5 Bxd5
16.Nxd5 Nxd5 17.Qxd5 Rxc2 18.Bxe5 Bb6 19.Bxd6 Rd8 20.e5 Qf5 21.Qxb7 Bxf2+
22.Kh1 Rdc8 23.Qxa7 Re2 24.Qb7 Rcc2 25.a4 Qg5 26.e6 fxe6 27.a5 Bd4 28.a6 Rxg2
29.Qa8+ Kh7 30.Qe4+ Qg6 31.Qxd4 Rxh2+  0-1

[Event "Richard Riordan GM Rapid"]
[Site "Natanya ISR"]
[Date "2009.07.14"]
[Round "10"]
[White "Najer,E"]
[Black "Avrukh,B"]
[Result "1-0"]
[WhiteElo "2663"]
[BlackElo "2641"]

1.e4 c5 2.Nf3 d6 3.Bb5+ Nd7 4.O-O Nf6 5.Re1 a6 6.Bf1 b6 7.c3 Bb7 8.d3 g6
9.Nbd2 Bg7 10.d4 cxd4 11.cxd4 O-O 12.b3 b5 13.Bb2 Qb6 14.h3 Rac8 15.a4 Rc7
16.axb5 axb5 17.b4 Ra8 18.Qb3 Rxa1 19.Bxa1 e6 20.Qd3 Qa7 21.Qb1 Qa4 22.Be2 Nb6
23.d5 exd5 24.e5 dxe5 25.Bxe5 Re7 26.Qb2 Qa6 27.Bxf6 Na4 28.Bxg7 Nxb2 29.Bxb2 Qa4
30.Bc3 Qa3 31.Nb1 Qa2 32.Nd4 f6 33.Nd2 Qa8 34.N2b3 Bc8 35.Ra1 Ra7 36.Rc1 Ra3
37.Bxb5 Bf5 38.Bc6 Qd8 39.Nc5 Be4 40.b5 Qb6 41.Nd7 Qa7 42.b6  1-0

[Event "Richard Riordan GM Blitz"]
[Site "Natanya ISR"]
[Date "2009.07.16"]
[Round "5"]
[White "Najer,E"]
[Black "Avrukh,B"]
[Result "1-0"]
[WhiteElo "2663"]
[BlackElo "2641"]

1.e4 c5 2.Nf3 d6 3.Bb5+ Nd7 4.O-O Nf6 5.Re1 a6 6.Bf1 b6 7.c3 Bb7 8.d3 e6
9.Nbd2 Be7 10.d4 cxd4 11.cxd4 O-O 12.Bd3 Rc8 13.Nf1 e5 14.d5 g6 15.Ng3 Ne8
16.Qe2 Nc5 17.Bc2 a5 18.Bh6 Ng7 19.Rad1 Qd7 20.h3 Ba6 21.Qd2 Qb5 22.b3 Rc7
23.h4 Rfc8 24.h5 Qd7 25.Nh2 Na4 26.Rc1 Nc3 27.Bd3 Bxd3 28.Qxd3 Nxa2 29.Rxc7 Qxc7
30.Qe2 Nb4 31.Qg4 Nd3 32.Re3 Nf4 33.Bxf4 exf4 34.Qxf4 Qd8 35.Rf3 Qf8 36.Ng4 f5
37.exf5 Nxf5 38.hxg6 hxg6 39.Nxf5 gxf5 40.Nh6+ Kh7 41.Nxf5 Bf6 42.Qg4 Rc1+
43.Kh2 Be5+ 44.g3 Qf7  1-0

[Event "6th South Wales Int"]
[Site "Treforest WLS"]
[Date "2009.07.16"]
[Round "8"]
[White "Van Kemenade,R"]
[Black "Hurn,R"]
[Result "1-0"]
[WhiteElo "1994"]
[BlackElo "1873"]

1.e4 c5 2.Nf3 d6 3.Bb5+ Bd7 4.Bxd7+ Qxd7 5.O-O Nf6 6.e5 dxe5 7.Nxe5 Qc8 8.Qf3 e6
9.Re1 Be7 10.d3 O-O 11.Nc3 Nfd7 12.Nxd7 Qxd7 13.Ne4 Qd5 14.Qg3 f6 15.a4 Nc6
16.Bh6 Rf7 17.Be3 b6 18.b3 Rd8 19.Nd2 Bd6 20.Qf3 Ne5 21.Qh3 Ng6 22.Nc4 Bf4
23.Qg4 Bxe3 24.Rxe3 e5 25.h4 Qd4 26.Qxd4 Rxd4 27.g3 Rfd7 28.Na3 Rd8 29.a5 Ne7
30.axb6 axb6 31.Nc4 b5 32.Nd2 Nd5 33.Ree1 Nc3 34.Kf1 Kf7 35.Ra7+ R4d7 36.Ra5 Ke6
37.Ne4 Nxe4 38.Rxe4 c4 39.bxc4 bxc4 40.Rxc4 Rb8 41.Rac5 Kf7 42.Rc7 Ke7 43.Ke2 Rb7
44.Rxd7+ Kxd7 45.f4 Rb1 46.fxe5 fxe5 47.Rg4 g6 48.Ra4 Ke6 49.g4 Rh1 50.g5 Rh2+
51.Kd1 Rh1+ 52.Kd2 Rh2+ 53.Kc3 Kf5 54.Re4 Rf2 55.Kb3 Rf4 56.Rc4 Kg4 57.Rc7 Kxh4
58.Rxh7+ Kxg5 59.c4 Rf3 60.Kc2 Rf2+ 61.Kc3 Rf3 62.Kd2 Kg4 63.Re7 Rf2+ 64.Ke3 Rf3+
65.Ke4 g5 66.Rxe5 Rf4+ 67.Ke3 Rf3+ 68.Ke2 Rf8 69.c5 Kf4 70.d4 g4 71.c6 g3
72.Re7 Rg8 73.Kf1 Kf3 74.d5 Ra8 75.Rf7+ Kg4 76.c7 Ra1+ 77.Ke2 Ra2+ 78.Kd3 Ra3+
79.Kc4  1-0

[Event "XXVII Andorra Open"]
[Site "Arinsal AND"]
[Date "2009.07.18"]
[Round "1"]
[White "Levine,Y"]
[Black "Edouard,R"]
[Result "0-1"]
[WhiteElo "2053"]
[BlackElo "2597"]

1.e4 c5 2.Nf3 d6 3.Bb5+ Nc6 4.O-O Bd7 5.Re1 Nf6 6.c3 a6 7.Bf1 Bg4 8.d3 e6
9.Nbd2 Bh5 10.h3 d5 11.Qe2 Be7 12.g3 O-O 13.Bg2 b5 14.g4 dxe4 15.Nxe4 Bg6
16.Nfg5 Nd5 17.f4 Qd7 18.Be3 h6 19.Nf3 Rad8 20.Rad1 Qc7 21.Rf1 Bxe4 22.dxe4 Nxf4
23.Bxf4 Qxf4 24.Rxd8 Rxd8 25.Nd4 Nxd4 26.cxd4 Qg3 27.Rf3 Qc7 28.d5 c4 29.dxe6 fxe6
30.e5 Bc5+ 31.Kh1 Rd5 32.Rf5 Rd3 33.Rf3 Qd8 34.Qe4 Rxf3 35.Bxf3 Qh4 36.Qa8+ Kf7
37.Qb7+ Kg6 38.Qe4+ Kg5 39.Bg2 Qf2 40.Qb1 Kh4 41.g5 Kg3 42.Qf1 Qxf1+ 43.Bxf1 hxg5  0-1

[Event "Politiken Cup"]
[Site "Helsingor DEN"]
[Date "2009.07.18"]
[Round "1"]
[White "Skovgaard,T"]
[Black "Alsina Leal,D"]
[Result "0-1"]
[WhiteElo "1983"]
[BlackElo "2529"]

1.e4 c5 2.Nf3 d6 3.Bb5+ Nd7 4.O-O a6 5.Bxd7+ Bxd7 6.Re1 Nf6 7.e5 dxe5 8.Nxe5 e6
9.d4 Be7 10.Bg5 cxd4 11.Qxd4 Bb5 12.Qxd8+ Rxd8 13.Nc3 Bd7 14.Nxd7 Nxd7 15.Bxe7 Kxe7
16.Rad1 Nb6 17.Rxd8 Rxd8 18.Rd1 Rc8 19.Rd3 Nc4 20.Nd1 b5 21.Kf1 e5 22.c3 Ke6
23.Ke2 f5 24.b3 Nb6 25.Rd2 Nd5 26.Rc2 e4 27.g3 g5 28.f3 Ke5 29.fxe4 fxe4
30.Kd2 Rf8 31.Ke2 Rf3 32.a4 b4 33.cxb4 Rxb3 34.b5 axb5 35.axb5 Rxb5 36.Ne3 Nxe3
37.Kxe3 Rb3+ 38.Kf2 Kd4 39.Rd2+ Rd3 40.Ra2 e3+ 41.Ke1 Ke4 42.Ra7 h5 43.Rf7 Ra3
44.h4 Ra1+ 45.Ke2 Ra2+ 46.Ke1 g4 47.Rf4+ Kd3  0-1

[Event "1st Artemis Cup"]
[Site "Leros GRE"]
[Date "2009.07.18"]
[Round "8"]
[White "Kotrotsos,V"]
[Black "Sahl,S"]
[Result "1/2-1/2"]
[WhiteElo "2359"]
[BlackElo "2217"]

1.e4 c5 2.Nf3 d6 3.Bb5+ Nd7 4.d4 Nf6 5.Nc3 a6 6.Bxd7+ Qxd7 7.dxc5 dxc5 8.Qxd7+ Nxd7
9.Nd5 Ra7 10.Bf4 e6 11.Nc7+ Ke7 12.O-O-O f6 13.Bd6+ Kf7 14.Bxf8  1/2-1/2

[Event "13th Battle of Senta Open A"]
[Site "Senta SRB"]
[Date "2009.07.18"]
[Round "1"]
[White "Majstorac,Z"]
[Black "Restas,P"]
[Result "0-1"]
[WhiteElo "2079"]
[BlackElo "2301"]

1.e4 c5 2.Nf3 d6 3.Bb5+ Bd7 4.Bxd7+ Qxd7 5.O-O Nf6 6.Qe2 Nc6 7.Rd1 e6 8.d4 cxd4
9.Nxd4 Be7 10.Nc3 O-O 11.Bf4 a6 12.a4 Rac8 13.Nb3 Qc7 14.Rd3 Ne5 15.Bxe5 dxe5
16.Rad1 b5 17.g4 g5 18.axb5 axb5 19.R1d2 b4 20.Nd1 Qb7 21.f3 h5 22.h3 Kg7
23.Kg2 Kg6 24.Nf2 Rh8 25.Qe3 Bd8 26.Nc5 Qb6 27.Nd7 Nxd7  0-1

[Event "Najdorf Mem Open"]
[Site "Warsaw POL"]
[Date "2009.07.18"]
[Round "1"]
[White "Czarnota,D"]
[Black "Gluszko,M"]
[Result "1-0"]
[WhiteElo "2208"]
[BlackElo "1940"]

1.e4 c5 2.Nf3 d6 3.Bb5+ Bd7 4.Bxd7+ Qxd7 5.c4 Nc6 6.Nc3 e5 7.d3 g6 8.Nd5 Bg7
9.h4 h6 10.Qa4 Nge7 11.Nb6 axb6 12.Qxa8+ Nd8 13.Qa7 Qg4 14.Kf1 f5 15.Qxb6 fxe4
16.dxe4 Nec6 17.Qc7 O-O 18.Be3 Qe6 19.Nd2 Nb4 20.Rh3 Qf6 21.h5 Rf7 22.Qc8 Nc2
23.Rf3 Qh4 24.Rxf7 Kxf7 25.hxg6+ Ke8 26.Rd1 Qh1+ 27.Ke2 Qxg2 28.Qf5 h5 29.Nf3 Nxe3
30.Kxe3 Bh6+ 31.Ke2 Nc6 32.Rxd6  1-0

[Event "ch-PUR"]
[Site "Caguas PUR"]
[Date "2009.07.19"]
[Round "6"]
[White "Santana Alvarado,M"]
[Black "Bermudez Adams,W"]
[Result "1-0"]
[WhiteElo "2159"]
[BlackElo "2149"]

1.e4 c5 2.Nf3 d6 3.Bb5+ Nd7 4.d4 cxd4 5.Qxd4 Nf6 6.Nc3 g6 7.Bg5 Bg7 8.O-O-O O-O
9.e5 dxe5 10.Nxe5 Qa5 11.Nc4 Qc7 12.Rhe1 e6 13.Bf4 Qd8 14.Be5 Bh6+ 15.Kb1 Nd5
16.Nxd5 Nxe5 17.Nxe5 exd5 18.Qxd5 Qf6 19.Qf3 Qb6 20.Bc4 Bg7 21.Qb3 Qf6 22.Nxf7 Bf5
23.g4 Bxc2+ 24.Qxc2  1-0

[Event "Politiken Cup"]
[Site "Helsingor DEN"]
[Date "2009.07.19"]
[Round "2"]
[White "Skovle,L"]
[Black "Henrichsen,J"]
[Result "1/2-1/2"]
[WhiteElo "1677"]
[BlackElo "1963"]

1.e4 c5 2.Nf3 d6 3.Bb5+ Bd7 4.c4 Nf6 5.Nc3 g6 6.d4 cxd4 7.Nxd4 Bg7 8.Be3 O-O
9.f3 Nc6 10.Qd2 a6 11.Bxc6 bxc6 12.O-O Rb8 13.Rab1 Rb4 14.b3 c5 15.Nc2 Rb7
16.Bh6 Re8 17.Bxg7 Kxg7 18.Rfd1 Qc7 19.Ne3 Bc6 20.Ncd5 Nxd5 21.Nxd5 Bxd5
22.exd5 a5 23.Qb2+  1/2-1/2

[Event "LTC Open A"]
[Site "Leiden NED"]
[Date "2009.07.19"]
[Round "9"]
[White "Shreyansh,D"]
[Black "Van der Wiel,J"]
[Result "1/2-1/2"]
[WhiteElo "2279"]
[BlackElo "2477"]

1.e4 c5 2.Nf3 d6 3.Bb5+ Bd7 4.Bxd7+ Nxd7 5.O-O Ngf6 6.Re1 e6 7.b3 Be7 8.Bb2 O-O
9.c4 e5 10.Nc3 g6 11.d3 Re8 12.Nd2  1/2-1/2

[Event "Najdorf Mem Open"]
[Site "Warsaw POL"]
[Date "2009.07.19"]
[Round "2"]
[White "Gluszko,M"]
[Black "Leks,H"]
[Result "0-1"]
[WhiteElo "1940"]
[BlackElo "2145"]

1.e4 c5 2.Nf3 d6 3.Bb5+ Bd7 4.Bxd7+ Qxd7 5.O-O Nc6 6.c3 Nf6 7.Qe2 e6 8.d4 d5
9.e5 Ne4 10.Be3 Be7 11.Ne1 cxd4 12.cxd4 f6 13.f3 Ng5 14.f4 Ne4 15.Nc3 f5
16.g4 Nxc3 17.bxc3 fxg4 18.Qxg4 O-O-O 19.f5 exf5 20.Qxf5 Rhf8 21.Qxd7+ Kxd7
22.Rb1 Rxf1+ 23.Kxf1 b6 24.Nd3 g5 25.Kg2 Na5 26.Rf1 Ke6 27.h4 h6 28.hxg5 hxg5
29.Rh1 Rc8 30.Bd2 Nc4 31.Bc1 Na3 32.Bd2 Nb5 33.a4 Na3 34.Rh6+ Kf5 35.Rh7 Re8
36.Rg7 Nb1 37.Be1 Ke4 38.Nc1 Ba3 39.Na2 a5 40.Rg6 Rb8 41.Rxg5 Kd3 42.Rg3+ Kc4
43.Re3 Kb3 44.Re2 Bb2 45.c4 dxc4 46.e6 Bxd4 47.Nc1+ Kxa4 48.Re4 Bc5 49.Rxc4+ Kb5
50.Re4 a4 51.Na2 a3 52.Bg3 Rg8 53.Kh3 Nd2 54.Re2 Nc4 55.Nc3+ Kc6 56.e7 Re8
57.Bh4 b5 58.Kg4 b4 59.Na4 Bd6 60.Kf5 Kb5 61.Ke6 Kxa4 62.Kf7 Rxe7+ 63.Bxe7 Bxe7
64.Kxe7 b3  0-1

[Event "Corporation Centre Cup"]
[Site "Izhevsk RUS"]
[Date "2009.07.20"]
[Round "6"]
[White "Ivanov,Vladim"]
[Black "Ermolaev,E"]
[Result "0-1"]
[WhiteElo "2093"]
[BlackElo "1870"]

1.e4 c5 2.Nf3 d6 3.Bb5+ Nd7 4.d4 cxd4 5.Nxd4 Nf6 6.Nc3 e6 7.O-O a6 8.Be2 b5
9.a3 Bb7 10.f3 Nb6 11.Bg5 Qc7 12.Kh1 d5 13.exd5 Nbxd5 14.Ncxb5 axb5 15.Bxb5+ Nd7
16.c4 h6 17.Bh4 Ne3 18.Qe2 Nxf1 19.Nxe6 Qxh2+  0-1

[Event "Corporation Centre Cup"]
[Site "Izhevsk RUS"]
[Date "2009.07.20"]
[Round "6"]
[White "Husnullin,R"]
[Black "Gusarov,G"]
[Result "1/2-1/2"]
[WhiteElo "2207"]
[BlackElo "2349"]

1.e4 c5 2.Nf3 d6 3.Bb5+ Bd7 4.Bxd7+ Qxd7 5.O-O Nc6 6.c3 g6 7.d4 cxd4 8.cxd4 Nf6
9.d5 Ne5 10.Nxe5 dxe5 11.Nc3 Bg7 12.Bg5 O-O 13.Qb3 Rfc8 14.Rac1 Rc5 15.Be3 Rcc8
16.f3 b6 17.a4 Ne8 18.Nb5 Nd6 19.Nxd6 Qxd6 20.Rc4 e6 21.Rfc1 Rxc4 22.Qxc4 exd5
23.Qxd5 Qxd5 24.exd5 e4 25.fxe4 Bxb2 26.Rc7 Be5 27.Re7 Bf6 28.Rb7 Be5 29.Kf2 Rb8
30.Rxb8+ Bxb8 31.Bd4 Kf8 32.e5 Bc7 33.g3 Ke8 34.Kf3 h5 35.h4 Bd8 36.Be3 a6
37.Ke4 b5 38.axb5 axb5 39.d6 Kd7 40.Kd5 Ba5 41.Bf4 Be1 42.Kc5 b4 43.Kc4 Bc3
44.Kb3 Kc6 45.Kc4 Kd7  1/2-1/2

[Event "Corporation Centre Cup"]
[Site "Izhevsk RUS"]
[Date "2009.07.21"]
[Round "7"]
[White "Alavkin,A"]
[Black "Severiukhina,Z"]
[Result "0-1"]
[WhiteElo "2439"]
[BlackElo "2340"]

1.e4 c5 2.Nf3 d6 3.Bb5+ Bd7 4.Bxd7+ Qxd7 5.O-O Nc6 6.Re1 Nf6 7.b3 g6 8.Bb2 Bg7
9.c3 O-O 10.d4 cxd4 11.cxd4 d5 12.Ne5 Qc7 13.Nxc6 Qxc6 14.e5 Ne4 15.f3 Ng5
16.Nc3 Ne6 17.Qd2 f6 18.Rad1 Rad8 19.Qf2 a6 20.Rd2 b5 21.Nd1 Qb6 22.Ne3 fxe5
23.dxe5 Bh6 24.Rdd1 d4 25.Nf1 Be3 26.Rxe3 dxe3 27.Nxe3 Rxd1+ 28.Nxd1 Qxf2+
29.Kxf2 Rd8 30.Ke1 Kf7 31.Nf2 Nf4 32.g3 Nd3+ 33.Nxd3 Rxd3 34.Ke2 Rd8 35.Bc3 h5
36.h4 Ke6 37.a3 Kf5 38.Bb4 Rd7 39.Bc3 Rd5 40.Bb2 a5 41.Bc3 a4 42.b4 Rd8 43.Bb2 Rc8
44.Kd3 Rd8+ 45.Bd4 e6 46.Ke3 Rc8 47.Kd2 Rc4 48.Bc3 g5 49.hxg5 h4 50.gxh4 Rxh4
51.Ke3 Kxg5 52.Bd4 Kf5 53.Bc3 Rc4  0-1

[Event "13th Battle of Senta Open A"]
[Site "Senta SRB"]
[Date "2009.07.21"]
[Round "5"]
[White "Ardeleanu,A"]
[Black "Stankovic,Milo"]
[Result "1/2-1/2"]
[WhiteElo "2405"]
[BlackElo "2306"]

1.e4 c5 2.Nf3 d6 3.Bb5+ Nd7 4.d4 Nf6 5.Nc3 cxd4 6.Qxd4 e5 7.Qd3 h6 8.Be3 Be7
9.Nd2 a6 10.Bxd7+ Bxd7 11.Nc4 Be6 12.Nb6 Rb8 13.f3 O-O 14.O-O Nd7 15.Ncd5 Nxb6
16.Bxb6 Qd7 17.Nxe7+ Qxe7 18.c4 Rbc8 19.b3 Rc6 20.Be3 Rfc8 21.Rfc1 b5 22.cxb5 Rxc1+
23.Rxc1 Rxc1+ 24.Bxc1 axb5 25.Be3 Qd7 26.h3 Qc6  1/2-1/2

[Event "Politiken Cup"]
[Site "Helsingor DEN"]
[Date "2009.07.22"]
[Round "6"]
[White "Solberg,J"]
[Black "Guttulsrud,O"]
[Result "1/2-1/2"]
[WhiteElo "2222"]
[BlackElo "2030"]

1.e4 c5 2.Nf3 d6 3.Bb5+ Nd7 4.O-O Nf6 5.Re1 a6 6.Bf1 e6 7.d4 cxd4 8.Qxd4 Qc7
9.c4 Be7 10.Nc3 b6 11.b3 Bb7 12.h3 Rc8 13.Bb2 O-O 14.Rad1 Rfe8 15.Na4 Bc6
16.Nc3 Bb7 17.Bd3 Qb8 18.a4 Bd8 19.Bb1 Bc7 20.Ba3 Nc5 21.b4 Ncd7 22.Qd2 Red8
23.Bd3 Qa8 24.Kh1 Bb8 25.Qg5 Kh8 26.Bb2 Rg8 27.Qe3 Bc7 28.Ng5 Rgf8 29.Nf3 Rfe8
30.Qg5 Rg8 31.Qe3 Rge8 32.Qg5 Rg8  1/2-1/2

[Event "Corporation Centre Cup"]
[Site "Izhevsk RUS"]
[Date "2009.07.22"]
[Round "8"]
[White "Ivanov,Vladim"]
[Black "Dogodkina,J"]
[Result "0-1"]
[WhiteElo "2093"]
[BlackElo "2038"]

1.e4 c5 2.Nf3 d6 3.Bb5+ Nc6 4.d4 cxd4 5.Nxd4 Bd7 6.O-O Nf6 7.Nc3 a6 8.Be2 e5
9.Nb3 Be7 10.Be3 O-O 11.Qd2 a5 12.a4 Nb4 13.Bf3 Rc8 14.Rfd1 Bc6 15.h3 Nd7
16.Nxa5 Qxa5 17.Na2 f5 18.Nxb4 Qc7 19.Nd5 Bxd5 20.Qxd5+ Kh8 21.exf5 Rb8 22.Qb3 Rxf5
23.Qe6 Rxf3 24.gxf3 Nf8 25.Qb3 Ng6 26.a5 Rf8 27.Qd5 Qc8 28.Qe4 Nf4 29.Bxf4 Rxf4
30.Qd5 Qxh3 31.Qxb7 Bf8 32.Ra3 Rh4 33.f4 Qg4+  0-1

[Event "Politiken Cup"]
[Site "Helsingor DEN"]
[Date "2009.07.23"]
[Round "7"]
[White "Eriksson,C"]
[Black "Henrichsen,J"]
[Result "0-1"]
[WhiteElo "2181"]
[BlackElo "1963"]

1.e4 c5 2.Nf3 d6 3.Bb5+ Bd7 4.Bxd7+ Qxd7 5.c4 Nf6 6.Nc3 g6 7.d4 cxd4 8.Nxd4 Bg7
9.f3 O-O 10.Be3 Nc6 11.Nde2 Rac8 12.Rc1 Rfd8 13.O-O h6 14.Qd2 Kh7 15.Rfd1 b6
16.b3 Qb7 17.Nd5 Ng8 18.f4 e6 19.Ndc3 Nf6 20.Qe1 Ng4 21.Qg3 Nxe3 22.Qxe3 a6
23.Rd2 b5 24.cxb5 axb5 25.Rcd1 b4 26.Na4 Bf8 27.h3 Qa7 28.Kf2 g5 29.g3 gxf4
30.gxf4 Be7 31.Qxa7 Nxa7 32.Nb6 Rc6 33.Nc4 Nb5 34.Kf3 Rg8 35.Nd4 Nxd4+ 36.Rxd4 Ra8
37.f5 Rxa2 38.fxe6 fxe6 39.Nxd6 Rcc2 40.Rxb4 Rf2+ 41.Kg3 Rg2+ 42.Kf3 Bg5
43.Rb7+ Kg6 44.e5 Raf2+ 45.Ke4 Rf4+ 46.Kd3 Rg3+ 47.Kc2 Rf2+ 48.Kb1 Be3 49.Ne4 Rxh3
50.Nxf2 Bxf2 51.Rb8 Bg3 52.Rb5 Kf5 53.Rf1+ Ke4 54.Rf6 Rh1+ 55.Ka2 Bxe5 56.Rxe5+ Kxe5
57.Rf8 Kd4 58.b4 Rh5 59.Kb3 Rh3+ 60.Ka4 Rh1 61.Ka5 e5 62.Kb6 e4 63.b5 e3
64.Rd8+ Ke4 65.Re8+ Kf3 66.Kc7 Rc1+ 67.Kd7 e2  0-1